Organization and Management / A Critical Text (Record no. 2143)
[ view plain ]
| 000 -LEADER | |
|---|---|
| fixed length control field | 01790cam a22002534a 4500 |
| 005 - ΗΜΕΡΟΜΗΝΙΑ ΚΑΙ ΩΡΑ ΤΕΛΕΥΤΑΙΑΣ ΕΝΗΜΕΡΩΣΗΣ | |
| Πεδίο ελέγχου | 20250605164032.0 |
| 008 - FIXED-LENGTH DATA ELEMENTS--GENERAL INFORMATION | |
| Πεδίο ελέγχου σταθερού μήκους | 250528s ||||||||||||||||||||||||d |
| 035 ## - SYSTEM CONTROL NUMBER | |
| System control number | 16668 |
| 020 ## - ISBN | |
| ISBN | 1861521936 |
| 040 ## - ΠΗΓΗ ΚΑΤΑΛΟΓΟΓΡΑΦΗΣΗΣ | |
| Φορέας πρωτότυπης καταλογογράφησης | MC Athens Campus Library |
| Γλώσσα καταλογογράφησης | Ελληνικά, Μοντέρνα (1453-) |
| Modifying agency | MC Athens Campus Library |
| Κανόνες περιγραφικής καταλογογράφησης | AACR2 |
| 245 1# - ΤΙΤΛΟΣ ΚΑΙ ΔΗΛΩΣΗ ΥΠΕΥΘΥΝΟΤΗΤΑΣ | |
| Τίτλος | Organization and Management / A Critical Text |
| 250 ## - EDITION STATEMENT | |
| Edition statement | 1st |
| 260 ## - PUBLICATION, DISTRIBUTION, ETC. | |
| Name of publisher, distributor, etc. | Business Press - Thomson Learning, |
| Date of publication, distribution, etc. | 2000 |
| 300 ## - PHYSICAL DESCRIPTION | |
| Extent | 250 |
| 520 ## - SUMMARY, ETC. | |
| Summary, etc. | This book offers a more critical and reflective text which contextualizes and criticizes conventional wisdom and attempts to re-orient the field by offering alternative approaches to the study of OB. Preface, Acknowledgements, Unsetting Orthodoxy, Organizational Behavior and the Individual: Critique of a Consensus, Hidden Capital, Post Modernizing Organizational Behavior: New Organizations or New Organization Theory?, Organizational Lives, Work and Stress and Gender: Conceptualization and Consequence, Sex and Work and Sex at Work: Using Foucault to Understand Organizational Relations, New Technologies and Organizational Behavior, The Limitations of Management, Culture at the Level of the Firm: Organizational and Corporate Perspectives, Human Resource Management and Industrial Relations, Labor Markets and Flexibility - Current Debates and the European Dimension, Innovation or Optimization: Facing Up to the Challenge of the Global Economy, The Politics of Organization and Management, The Social Politics of Business Ethics, Responsible Organizational Behavior?: Business Responses to New Social Movements, Subject and Author Index. |
| 700 1# - ΠΡΟΣΘΕΤΗ ΑΝΑΓΡΑΦΗ--ΦΥΣΙΚΟ ΠΡΟΣΩΠΟ | |
| Personal name | Barry Jim |
| 9 (RLIN) | 2754 |
| 700 1# - ΠΡΟΣΘΕΤΗ ΑΝΑΓΡΑΦΗ--ΦΥΣΙΚΟ ΠΡΟΣΩΠΟ | |
| Personal name | Chandler John |
| 9 (RLIN) | 2755 |
| 700 1# - ΠΡΟΣΘΕΤΗ ΑΝΑΓΡΑΦΗ--ΦΥΣΙΚΟ ΠΡΟΣΩΠΟ | |
| Personal name | Clark Heather |
| 9 (RLIN) | 2756 |
| 700 1# - ΠΡΟΣΘΕΤΗ ΑΝΑΓΡΑΦΗ--ΦΥΣΙΚΟ ΠΡΟΣΩΠΟ | |
| Personal name | Johnston Roger |
| 9 (RLIN) | 2757 |
| 700 1# - ΠΡΟΣΘΕΤΗ ΑΝΑΓΡΑΦΗ--ΦΥΣΙΚΟ ΠΡΟΣΩΠΟ | |
| Personal name | Needle David |
| 9 (RLIN) | 952 |
| 942 ## - ADDED ENTRY ELEMENTS (KOHA) | |
| Koha item type | Books |
| Τύπος τεκμηρίου | Βιβλιοθήκη | Τρέχουσα τοποθεσία | Barcode | Αριθμός εισαγωγής | Ημερομηνία απόκτησης | Ταξιθετικό σύμβολο | Αριθμός αντιτύπου | Κατάσταση απόσυρσης | Κατάσταση χαμένου | Κατάσταση κατεστραμμένου | Μη δανεισμός | Σύνολο δανεισμών | Ημερομηνία τελευταίας εμφάνισης | Η τιμή ισχύει από |
|---|---|---|---|---|---|---|---|---|---|---|---|---|---|---|
| Books | MC Athens Campus Library | MC Athens Campus Library | 9780000021427 | 4869 | 05/06/2025 | 658 BAR | 1 | 05/06/2025 | 05/06/2025 |